BIBLIOTHÈQUE DE LA MAISON DU MEXIQUE

Logo 1 Logo 2

La luz imaginaria (notice nᵒ 12724)

détails MARC
000 -Sello discográfico
campo de control de longitud fija 00882cam a22002653 4500
005 - Identificación de versión
campo de control 20260325142704.0
010 ## - Número Estándar Internacional de Libros (ISBN)
Número (ISBN) 968-36-2664-5
099 ## - fechas locales
Tipo de ítem Koha LIBRO
100 ## - Datos de procesamiento general
Datos de procesamiento general 20050202d1993 m y0spay50 ba
101 0# - Idioma del recurso
Idioma del texto, banda sonora, etc. Español; Castellano
105 ## - Campo de datos codificados: Material textual, monográfico
Datos codificados de monografía a 001zy
200 1# - Título y mención de responsabilidad
Título propio La luz imaginaria
Designación general del material texto impreso
Otra información del título epistolario de Atanasio Kircher con los novohispanos
Primer mención de responsabilidad Ignacio Osorio Romero
205 ## - Declaración de edición
Declaración de edición 1a ed
210 ## - Publicación, distribución, etc.
Lugar de publicación, distribución, etc. México
Nombre del editor, distribuidor, etc. Universidad Nacional Autónoma de México, Instituto de Investigaciones Bibliográficas
Fecha de publicación, distribución, etc. 1993
215 ## - Descripción física
Designación de material específico y extensión del ítem LIII,181 p.
Otras características físicas il.
Dimensiones 27 cm
345 ## - Nota de información de adquisición
Fuente de adquisición/dirección de la suscripción [OBSOLETO] Donación
600 ## - Nombre personal usado como materia
Elemento de entrada Kircher
Parte del nombre distinta del elemento de entrada Athanasius
Fechas 1602-1680
Subdivisión temática Correspondencia
Número Koha 19592
606 ## - Término temático usado como materia
Elemento de entrada Jesuitas
Subdivisión temática Misiones
Subdivisión geográfica México
Número Koha 10275
660 ## - Código de área geográfica
Código MX
700 ## - Nombre personal - Responsabilidad primaria
Elemento de entrada Osorio Romero
Parte del nombre distinta del elemento de entrada Ignacio
Fechas 1941-1991
Número Koha 448
801 #0 - Fuente de origen
País FR
Agencia cm
Reglas de catalogación (convenciones descriptivas) AFNOR
942 ## - ELEMENTOS DE ENTRADA SECUNDARIOS (KOHA)
Tipo de ítem Koha Livre
Exemplaires
Estatus retirado Estado de daño Estado de pérdida Fuente de la clasificación o esquema de estantería Fecha de adquisición Biblioteca de origen Biblioteca actual Código de barras Precio de reemplazo Signatura topográfica completa No para préstamo Tipo de ítem Koha Nota no pública
      Clasificación Decimal Dewey 24/03/2026 Casa México Paris Casa México Paris 011313 24/03/2026 917.24 O836L   Livre 751145101